[Event "BL 8485 Koblenz-Enger"]
[Site "?"]
[Date "1985.??.??"]
[Round "?.7"]
[White "Kunsztowicz, U."]
[Black "Brueckner, T."]
[Result "1/2-1/2"]
[WhiteElo "2350"]
[BlackElo "2265"]
[PlyCount "101"]
[EventDate "1985.??.??"]

1. d4 d5 2. c4 c6 3. Nf3 Nf6 4. Nc3 dxc4 5. a4 Bf5 6. e3 e6 7. Bxc4 Bb4 8. O-O
O-O 9. Qe2 Bg4 10. h3 Bh5 11. Rd1 Nbd7 12. e4 Re8 13. Bf4 Qa5 14. Qe3 Bxf3 15.
gxf3 Qh5 16. Kh2 e5 17. dxe5 Bc5 18. Qe2 Nxe5 19. Kg2 Ng6 20. Bg3 Qg5 21. Kh2
Nh5 22. f4 Nhxf4 23. Qg4 Qxg4 24. hxg4 Rad8 25. Rab1 Bb6 26. f3 Rxd1 27. Rxd1
Rd8 28. Rxd8+ Bxd8 29. b4 Ne5 30. Bxf4 Nxc4 31. Kg2 Bf6 32. Na2 Kf8 33. Bb8 Bd4
34. Kf1 a5 35. bxa5 Nxa5 36. Ke2 c5 37. Kd3 Ke7 38. Bc7 Nc6 39. Kc4 Kd7 40. Bg3
g6 41. f4 h5 42. gxh5 gxh5 43. Nc1 b6 44. Nb3 Be3 45. f5 Nd4 46. Nxd4 cxd4 47.
Bh4 Kc6 48. Bg3 Kd7 49. Bh4 Kc6 50. Bg3 Kd7 51. Bh4 1/2-1/2

[Event "BL 8485 Zähringen-Braunschweig"]
[Site "?"]
[Date "1985.??.??"]
[Round "?.3"]
[White "Schruefer, G."]
[Black "Schuh, H."]
[Result "1/2-1/2"]
[WhiteElo "2205"]
[BlackElo "2310"]
[PlyCount "46"]
[EventDate "1985.??.??"]

1. e4 c5 2. Nf3 e6 3. d4 cxd4 4. Nxd4 Nf6 5. Nc3 d6 6. g3 Be7 7. Bg2 O-O 8. O-O
Nc6 9. Nxc6 bxc6 10. e5 dxe5 11. Qxd8 Rxd8 12. Bxc6 Rb8 13. Rd1 Ba6 14. Rxd8+
Bxd8 15. Bg2 Ba5 16. Ne4 Nxe4 17. Bxe4 Bb6 18. c3 Rd8 19. Bc2 Be2 20. b4 Bd1
21. Be4 Bg4 22. Bc2 Bd1 23. Be4 Be2 1/2-1/2

[Event "BL 8485 Enger-Zähringen"]
[Site "?"]
[Date "1985.??.??"]
[Round "?.3"]
[White "Vatter, H."]
[Black "Gruen, G."]
[Result "1-0"]
[WhiteElo "2250"]
[BlackElo "2355"]
[PlyCount "119"]
[EventDate "1985.??.??"]

1. e4 e5 2. Nf3 Nc6 3. Bc4 Bc5 4. c3 Nf6 5. d4 exd4 6. cxd4 Bb4+ 7. Bd2 Bxd2+
8. Nbxd2 d5 9. exd5 Nxd5 10. O-O O-O 11. Ne5 Nxe5 12. dxe5 Nf4 13. Nf3 Bg4 14.
Qc1 Nh3+ 15. gxh3 Bxf3 16. Qf4 Bc6 17. Rad1 Qe7 18. Rd3 Rad8 19. Rg3 Bd5 20.
Bxd5 Rxd5 21. Re1 Qe6 22. Kh1 Re8 23. Rge3 Rd2 24. Rb3 Qd5+ 25. Kg1 Rd1 26.
Rxd1 Qxd1+ 27. Kg2 b6 28. Qe4 h6 29. Re3 Qh5 30. Qg4 Qxg4+ 31. hxg4 Rd8 32. Re2
Kf8 33. Rc2 c5 34. Kf3 Rd4 35. h3 Ke7 36. Ke3 g5 37. Rc3 Rb4 38. b3 Ke6 39. Rd3
a5 40. Rd6+ Kxe5 41. Rxh6 f6 42. Rh8 Re4+ 43. Kf3 Rf4+ 44. Ke3 Kd6 45. Rb8 Kc7
46. Rf8 Kc6 47. f3 a4 48. bxa4 c4 49. h4 Kc5 50. h5 c3 51. h6 Rc4 52. Rc8+ Kb4
53. a3+ Kb3 54. Rxc4 Kxc4 55. h7 Kb3 56. h8=Q c2 57. Qg8+ Kb2 58. Qc4 c1=Q+ 59.
Qxc1+ Kxc1 60. Kd3 1-0

[Event "BL 8485 Enger-Zähringen"]
[Site "?"]
[Date "1985.??.??"]
[Round "?.4"]
[White "Fleck, J."]
[Black "Miltner, A."]
[Result "1/2-1/2"]
[WhiteElo "2400"]
[BlackElo "2280"]
[PlyCount "45"]
[EventDate "1985.??.??"]

1. e4 c6 2. d4 d5 3. e5 Bf5 4. Nc3 Qb6 5. g4 Bd7 6. Na4 Qc7 7. Nc5 e6 8. Nd3 c5
9. dxc5 Nc6 10. Nf3 Nge7 11. Bg2 Ng6 12. O-O Ncxe5 13. Nfxe5 Nxe5 14. Bf4 f6
15. Qe2 Bxc5 16. Bxe5 fxe5 17. Nxc5 Qxc5 18. Qxe5 O-O 19. c3 Rf6 20. Qe3 Qd6
21. Rad1 Raf8 22. Rd2 a6 23. Re1 1/2-1/2

[Event "BL 8485 Enger-Zähringen"]
[Site "?"]
[Date "1985.??.??"]
[Round "?.6"]
[White "Stertenbrink, G."]
[Black "Raupp, T."]
[Result "1/2-1/2"]
[WhiteElo "2225"]
[BlackElo "2275"]
[PlyCount "56"]
[EventDate "1985.??.??"]

1. e4 c5 2. Nf3 e6 3. d4 cxd4 4. Nxd4 a6 5. Bd3 Bc5 6. Nb3 Ba7 7. O-O Ne7 8.
Qe2 Nbc6 9. Be3 e5 10. Bxa7 Rxa7 11. Nc3 d6 12. Rfd1 O-O 13. a4 Be6 14. Bc4 Qd7
15. Bxe6 fxe6 16. Qc4 Rf6 17. Rd2 Ra8 18. Rad1 Rd8 19. a5 Ng6 20. g3 Qf7 21.
Rxd6 Rf8 22. R1d2 Nh4 23. gxh4 Rg6+ 24. Kf1 Qf3 25. Nd1 Qh1+ 26. Ke2 Qf3+ 27.
Kf1 Qh1+ 28. Ke2 Qf3+ 1/2-1/2

[Event "BL 8485 Enger-Zähringen"]
[Site "?"]
[Date "1985.??.??"]
[Round "?.8"]
[White "Eising, J."]
[Black "Vogel, R."]
[Result "1-0"]
[WhiteElo "2355"]
[BlackElo "2245"]
[PlyCount "83"]
[EventDate "1985.??.??"]

1. c4 e5 2. Nc3 Nc6 3. g3 g6 4. Bg2 Bg7 5. d3 d6 6. Rb1 f5 7. Nf3 Nf6 8. O-O
O-O 9. b4 h6 10. b5 Ne7 11. c5 f4 12. Qb3+ Kh7 13. cxd6 cxd6 14. gxf4 Nh5 15.
fxe5 dxe5 16. b6 a6 17. Qc4 Nc6 18. Ne4 Nf4 19. Bxf4 Rxf4 20. e3 Rf8 21. Nc5
Qe7 22. Rbc1 e4 23. Qxe4 Qd6 24. d4 Rf5 25. Nd2 Rh5 26. h4 Bf5 27. Qd5 Qe7 28.
Nf3 Bd3 29. Ng5+ hxg5 30. Nxd3 g4 31. Qe4 Qxh4 32. Qf4 Ne7 33. Rc7 Nf5 34. Rfc1
Rf8 35. Rxb7 g5 36. Rxg7+ Kxg7 37. Rc7+ Kh8 38. Qe5+ Kg8 39. Bd5+ Rf7 40. Bxf7+
Kh7 41. Bxh5+ Ne7 42. Rxe7+ {ZÜ} 1-0

[Event "BL 8485 Braunschweig-Koblenz"]
[Site "?"]
[Date "1985.??.??"]
[Round "?.3"]
[White "Wolf, V."]
[Black "Schruefer, G."]
[Result "1-0"]
[WhiteElo "2315"]
[BlackElo "2205"]
[PlyCount "142"]
[EventDate "1985.??.??"]

1. e4 c5 2. Nf3 d6 3. d4 cxd4 4. Nxd4 Nf6 5. Nc3 a6 6. Be2 e5 7. Nb3 Be7 8. Bg5
Nbd7 9. a4 b6 10. O-O Bb7 11. Bf3 O-O 12. Qe2 Qc7 13. Rfd1 Rac8 14. Nd2 Rfd8
15. Nf1 h6 16. Bxf6 Nxf6 17. Ne3 g6 18. Ng4 Kg7 19. Nxf6 Bxf6 20. Bg4 Rb8 21.
Ra3 Be7 22. Rb3 Rf8 23. Bh3 Rfd8 24. g3 Rf8 25. Nd5 Bxd5 26. Rxd5 Qa7 27. Qe3
Rb7 28. Qd3 Rc7 29. Bf1 Ra8 30. c3 Rc6 31. Rb4 Qc7 32. Qd1 Rc5 33. Qb3 Bd8 34.
Rc4 Be7 35. h4 h5 36. Qa2 Ra7 37. Rcxc5 dxc5 38. Qc4 Bf6 39. Qd3 Be7 40. b3 Bf6
41. Bh3 Qb8 42. Bf1 Qc7 43. Qd1 Be7 44. Bc4 a5 45. Bb5 Qb8 46. Qd3 Qc7 47. Kg2
Qb8 48. Qf3 Qc7 49. Bc4 Bf6 50. Rd1 Ra8 51. Bd5 Rh8 52. Rb1 Qd6 53. Bc4 Rd8 54.
Bd5 Rh8 55. Rd1 Rd8 56. Rd3 Qd7 57. Qe2 Qc7 58. Rf3 Qd6 59. Qb5 Rf8 60. Qc4 Qd7
61. Qa6 Qc7 62. Kf1 Rd8 63. Ke2 Rd7 64. Qa8 Rd8 65. Qc6 Qxc6 66. Bxc6 Rd6 67.
Bd5 Kf8 68. Kd3 Ke7 69. Kc4 Kf8 70. Kb5 Ke8 71. Bc6+ Ke7 1-0

[Event "BL 8485 Frechen-Delmenhorst"]
[Site "?"]
[Date "1985.??.??"]
[Round "?.1"]
[White "Meyer, H."]
[Black "Ott, W."]
[Result "0-1"]
[WhiteElo "2245"]
[BlackElo "2300"]
[PlyCount "174"]
[EventDate "1985.??.??"]

1. d4 d6 2. c4 g6 3. Nc3 Bg7 4. e4 e5 5. Nf3 Nc6 6. d5 Nce7 7. Be2 f5 8. exf5
gxf5 9. Ng5 Ng6 10. Bh5 N8e7 11. f4 O-O 12. g3 a6 13. Be3 Qe8 14. O-O h6 15.
Nf3 e4 16. Nd4 Kh7 17. Qd2 Qf7 18. Rac1 c5 19. dxc6 bxc6 20. c5 dxc5 21. Nde2
c4 22. Bc5 Be6 23. Nd4 Rfd8 24. Qf2 Rac8 25. Rcd1 Bd5 26. h3 Bxd4 27. Bxd4 Ng8
28. Be3 Nf6 29. Be2 Ne7 30. Kh2 Rg8 31. Rg1 Be6 32. Bd4 Rg6 33. Be5 Ned5 34.
Rg2 Nxc3 35. bxc3 Rcg8 36. Rd6 Bd5 37. Qd4 Ne8 38. Rxg6 Kxg6 39. g4 Kh7 40. Qe3
Ng7 41. Rg3 Be6 42. g5 Ne8 43. h4 h5 44. Qg1 Kg6 45. Qd1 Ng7 46. Bxg7 Kxg7 47.
Bxh5 Qd7 48. Qxd7+ Bxd7 49. Be2 Be6 50. Rg2 Rd8 51. Bf1 Rd3 52. h5 Rf3 53. Kg1
Rxf4 54. Be2 Rh4 55. Rh2 Rxh2 56. Kxh2 f4 57. Kg2 Bd5 58. Bg4 e3+ 59. Kf1 f3
60. Bf5 f2 61. h6+ Kf7 62. Bh7 Be6 63. Be4 Bh3+ 64. Bg2 Bf5 65. Ke2 Bd3+ 66.
Kxe3 f1=Q 67. Bxf1 Bxf1 68. Kd4 Kg6 69. Kc5 Bd3 70. Kb6 Kxg5 71. Kxa6 Kxh6 72.
Kb6 Bc2 73. Kxc6 Bb3 74. a3 Kg6 75. Kd5 Kf7 76. a4 Ke7 77. a5 Kd7 78. a6 Kc7
79. Kc5 Kb8 80. Kb6 Ka8 81. Kc5 Ka7 82. Kb5 Ba2 83. Ka5 Bb1 84. Kb5 Bd3 85. Ka5
Bf5 86. Kb5 Be6 87. Ka5 Bc8 0-1

[Event "BL 8485 Frechen-Delmenhorst"]
[Site "?"]
[Date "1985.??.??"]
[Round "?.5"]
[White "Schlemermeyer, W."]
[Black "Meyer, P."]
[Result "1/2-1/2"]
[WhiteElo "2220"]
[BlackElo "2230"]
[PlyCount "43"]
[EventDate "1985.??.??"]

1. e4 e6 2. d4 d5 3. Nd2 Nf6 4. e5 Nfd7 5. c3 c5 6. Bd3 Nc6 7. Ne2 cxd4 8. cxd4
f6 9. Nf4 Nxd4 10. Qh5+ Ke7 11. exf6+ Nxf6 12. Ng6+ hxg6 13. Qxh8 Kf7 14. Qh4
e5 15. Nf3 Nxf3+ 16. gxf3 Bf5 17. Bxf5 gxf5 18. Bg5 Qa5+ 19. Kf1 Rc8 20. Kg2
Be7 21. Rac1 Rc6 22. Rxc6 1/2-1/2

[Event "BL 8485 Porz-HSK"]
[Site "?"]
[Date "1985.??.??"]
[Round "?.2"]
[White "Marian, R."]
[Black "Chandler, M."]
[Result "1/2-1/2"]
[WhiteElo "2285"]
[BlackElo "2540"]
[PlyCount "86"]
[EventDate "1985.??.??"]

1. d4 Nf6 2. Nf3 e6 3. c4 b6 4. Nc3 Bb7 5. Bg5 Be7 6. Qc2 h6 7. Bxf6 Bxf6 8. e4
d6 9. O-O-O Nd7 10. Kb1 O-O 11. h4 g6 12. Bd3 Qe7 13. Qd2 Bg7 14. Bc2 a6 15. h5
g5 16. Qd3 Rfe8 17. Rhe1 Rad8 18. Re3 Nf6 19. Nh2 c5 20. d5 b5 21. dxe6 Qxe6
22. cxb5 axb5 23. Qxb5 Rb8 24. Bb3 Bxe4+ 25. Nxe4 Rxb5 26. Bxe6 Nxe4 27. Rxe4
Rxb2+ 28. Kc1 fxe6 29. Rxd6 Rxf2 30. Rd2 Rf4 31. Rde2 Rxe4 32. Rxe4 Bd4 33. Ng4
Kg7 34. Kc2 Ra8 35. Rxe6 Rxa2+ 36. Kd3 Rxg2 37. Rg6+ Kf8 38. Nxh6 Rg3+ 39. Kc4
Rg1 40. Nf5 Kf7 41. Nxd4 cxd4 42. Kxd4 g4 43. Ke4 Rh1 1/2-1/2

[Event "BL 8485 Porz-HSK"]
[Site "?"]
[Date "1985.??.??"]
[Round "?.3"]
[White "Reefschlaeger, H."]
[Black "Ostermeyer, P."]
[Result "1/2-1/2"]
[WhiteElo "2425"]
[BlackElo "2470"]
[PlyCount "25"]
[EventDate "1985.??.??"]

1. d4 Nf6 2. g3 c5 3. Nf3 cxd4 4. Nxd4 e5 5. Nf3 Nc6 6. Bg2 Bc5 7. O-O O-O 8.
Bg5 d5 9. Bxf6 gxf6 10. Nh4 Be6 11. e4 d4 12. Nd2 Ne7 13. Kh1 1/2-1/2

[Event "BL 8485 Porz-HSK"]
[Site "?"]
[Date "1985.??.??"]
[Round "?.4"]
[White "Gerusel, M."]
[Black "Behrhorst, F."]
[Result "1-0"]
[WhiteElo "2390"]
[BlackElo "2285"]
[PlyCount "69"]
[EventDate "1985.??.??"]

1. d4 d5 2. c4 e6 3. Nc3 Nf6 4. Bg5 Be7 5. e3 Nbd7 6. Nf3 O-O 7. cxd5 Nxd5 8.
Bxe7 Qxe7 9. Nxd5 exd5 10. Qb3 Nf6 11. Rc1 c6 12. Bd3 Ne4 13. O-O Nd6 14. Qc2
g6 15. b4 a6 16. a4 Bd7 17. Ne5 Rfc8 18. Qc5 Be8 19. f3 Qd8 20. a5 f6 21. Ng4
f5 22. Ne5 Nf7 23. e4 Nxe5 24. dxe5 fxe4 25. fxe4 Bf7 26. Rf6 Qd7 27. Rcf1 Be6
28. h4 Kg7 29. h5 d4 30. Qc1 Rc7 31. h6+ Kh8 32. Rf8+ Rxf8 33. Rxf8+ Bg8 34.
Bc4 Rc8 35. Qf4 1-0

[Event "BL 8485 Porz-HSK"]
[Site "?"]
[Date "1985.??.??"]
[Round "?.6"]
[White "Sigurjonsson, G."]
[Black "Hess, C."]
[Result "1-0"]
[WhiteElo "2480"]
[BlackElo "2260"]
[PlyCount "71"]
[EventDate "1985.??.??"]

1. e4 e5 2. Nf3 Nc6 3. Bb5 a6 4. Ba4 Nf6 5. O-O Be7 6. Re1 b5 7. Bb3 d6 8. c3
O-O 9. h3 Na5 10. Bc2 c5 11. d4 Qc7 12. Nbd2 cxd4 13. cxd4 Nc6 14. Nb3 a5 15.
Be3 a4 16. Nbd2 Bd7 17. Rc1 Qb7 18. Qe2 Rfe8 19. Red1 g6 20. Kh2 Bf8 21. dxe5
dxe5 22. a3 Nh5 23. Bd3 Bg7 24. g3 Nd4 25. Bxd4 exd4 26. Rc5 Rac8 27. Rdc1 Rxc5
28. Rxc5 Qb6 29. Rd5 Bc6 30. Rd6 Re6 31. Rxe6 fxe6 32. e5 Qc5 33. Ne4 Qd5 34.
Qc2 h6 35. Ned2 Bxe5 36. Be4 1-0

[Event "BL 8485 Porz-HSK"]
[Site "?"]
[Date "1985.??.??"]
[Round "?.7"]
[White "Wegner, H."]
[Black "Laven, R."]
[Result "0-1"]
[WhiteElo "2245"]
[BlackElo "2320"]
[PlyCount "70"]
[EventDate "1985.??.??"]

1. d4 Nf6 2. Nf3 e6 3. c4 b6 4. a3 Be7 5. d5 Ba6 6. b3 b5 7. cxb5 Bxb5 8. Nc3
Ba6 9. e4 Bxf1 10. Kxf1 O-O 11. g3 Qc8 12. e5 Nxd5 13. Nxd5 exd5 14. Qxd5 c6
15. Qd1 Na6 16. Kg2 Re8 17. Re1 Nc7 18. Nd4 Nd5 19. Nf5 Bf8 20. Qg4 Kh8 21. Bb2
Re6 22. Rad1 Rb8 23. Rd3 a5 24. Red1 Nb6 25. Ne3 a4 26. Nc4 Nd5 27. bxa4 Qa6
28. a5 Kg8 29. Ba1 Bc5 30. Bc3 h5 31. Qh4 Rg6 32. Nb6 Rg4 33. Nxd7 Rxh4 34.
Nxb8 Qc4 35. gxh4 Nf4+ 0-1

[Event "BL 8485 Porz-HSK"]
[Site "?"]
[Date "1985.??.??"]
[Round "?.8"]
[White "Kreutzkamp, R."]
[Black "Cordes, H."]
[Result "1/2-1/2"]
[WhiteElo "2260"]
[BlackElo "2275"]
[PlyCount "132"]
[EventDate "1985.??.??"]

1. e4 c5 2. c3 d5 3. exd5 Qxd5 4. d4 e6 5. Nf3 Nf6 6. Bd3 Be7 7. dxc5 O-O 8.
Be3 Nc6 9. Qe2 Bxc5 10. Bxc5 Qxc5 11. O-O b6 12. Nbd2 Bb7 13. Ne4 Qh5 14. Nd6
Na5 15. Nxb7 Nxb7 16. Be4 Nxe4 17. Qxe4 Nc5 18. Qe2 Rfd8 19. Rfd1 Qf5 20. Nd4
Qd5 21. Nb5 Qe4 22. Qxe4 Nxe4 23. Rxd8+ Rxd8 24. f3 a6 25. Nc7 Nc5 26. b4 Na4
27. Nxa6 Nxc3 28. a4 Ra8 29. b5 Rd8 30. Kf2 Rd2+ 31. Kg3 g6 32. Nb4 Rd4 33. Nc6
Rxa4 34. Re1 Rc4 35. Nb8 Rc5 36. Re3 Nxb5 37. Nd7 Rc6 38. Rb3 Nd4 39. Rxb6 Nf5+
40. Kf4 Rxb6 41. Nxb6 Kg7 42. Nc4 f6 43. Ke4 Kf7 44. Nd2 Ke7 45. g3 Kd6 46. Nb3
Ne7 47. Nd2 Nc6 48. Nc4+ Kc5 49. Nd2 Nb4 50. f4 Nc2 51. Nf3 Kc4 52. Nd2+ Kc3
53. Nf3 Kc4 54. Nd2+ Kc5 55. Nf3 Nb4 56. Nd2 Nc6 57. Nf3 Kc4 58. h3 Kc3 59. Ke3
Na5 60. g4 Nc4+ 61. Ke2 h6 62. g5 hxg5 63. fxg5 fxg5 64. Nxg5 e5 65. Ne6 Nd6
66. Nf8 g5 1/2-1/2

[Event "BL 8485 Delmenhorst-Porz"]
[Site "?"]
[Date "1985.??.??"]
[Round "?.1"]
[White "Goehring, K."]
[Black "Meyer, H."]
[Result "1/2-1/2"]
[WhiteElo "2355"]
[BlackElo "2245"]
[PlyCount "117"]
[EventDate "1985.??.??"]

1. d4 d5 2. c4 e6 3. Nc3 c5 4. cxd5 exd5 5. Nf3 Nc6 6. g3 Nf6 7. Bg2 Be7 8. O-O
O-O 9. Bg5 cxd4 10. Nxd4 Re8 11. Rc1 Bg4 12. h3 Bd7 13. Nxc6 bxc6 14. Na4 h6
15. Be3 Bd6 16. Bc5 Bc7 17. e3 Qc8 18. Bd4 Ne4 19. Nc5 Nxc5 20. Rxc5 Bd6 21.
Rc3 Qa6 22. a3 Rac8 23. Qc2 Re6 24. e4 dxe4 25. Bxe4 Rce8 26. Bh7+ Kh8 27. Bf5
Re1 28. Qd3 Rxf1+ 29. Kxf1 Qxd3+ 30. Bxd3 Bxh3+ 31. Kg1 Re1+ 32. Kh2 Bd7 33.
Bxa7 h5 34. Kg2 Be6 35. Bc4 Be5 36. Rc2 Bf5 37. Re2 Be4+ 38. f3 Rxe2+ 39. Bxe2
Bd5 40. b4 Bb3 41. b5 cxb5 42. Bxb5 Bd5 43. a4 g5 44. Bd3 g4 45. Be4 Bxe4 46.
fxe4 Bc7 47. Bd4+ Kg8 48. Bc3 Kf8 49. a5 Ke8 50. a6 Bb6 51. Be1 Kd7 52. Bf2
Bxf2 53. Kxf2 Kc6 54. e5 Kb6 55. Ke3 Kxa6 56. Kf4 Kb6 57. Kg5 Kc5 58. Kxh5 Kd5
59. Kxg4 1/2-1/2

[Event "BL 8485 Delmenhorst-Porz"]
[Site "?"]
[Date "1985.??.??"]
[Round "?.2"]
[White "Hermann, Man"]
[Black "Marian, R."]
[Result "1/2-1/2"]
[WhiteElo "2345"]
[BlackElo "2285"]
[PlyCount "33"]
[EventDate "1985.??.??"]

1. e4 c5 2. c3 e6 3. d4 d5 4. exd5 exd5 5. Be3 c4 6. b3 cxb3 7. axb3 Nf6 8. Nf3
Bd6 9. h3 Bf5 10. Bd3 Be4 11. O-O Nbd7 12. c4 O-O 13. Nc3 Bb4 14. Na2 Bd6 15.
Nc3 Bb4 16. Na2 Bd6 17. Nc3 1/2-1/2

[Event "BL 8485 Delmenhorst-Porz"]
[Site "?"]
[Date "1985.??.??"]
[Round "?.4"]
[White "Juhnke, K."]
[Black "Gerusel, M."]
[Result "1/2-1/2"]
[WhiteElo "2325"]
[BlackElo "2390"]
[PlyCount "148"]
[EventDate "1985.??.??"]

1. d4 Nf6 2. c4 c5 3. d5 b5 4. cxb5 a6 5. bxa6 Bxa6 6. Nc3 d6 7. e4 Bxf1 8.
Kxf1 g6 9. g3 Bg7 10. Kg2 O-O 11. Nge2 Nbd7 12. Rb1 Qa5 13. Qc2 Ng4 14. h3 Nge5
15. b3 Qa6 16. Rd1 Nb6 17. a4 Rab8 18. Be3 Rfc8 19. Ra1 Ned7 20. Ra2 Qa5 21.
Rb1 Na8 22. Nb5 Nc7 23. Na3 Na6 24. Nc4 Qc7 25. Bd2 Nb4 26. Bxb4 Rxb4 27. Nc3
Bxc3 28. Qxc3 Nb6 29. Nd2 Rb8 30. a5 Nc8 31. Rc1 Na7 32. a6 Qd7 33. Qe3 f6 34.
Rc4 Qb5 35. Rxb4 Qxb4 36. Nc4 Ra8 37. Ra4 Qb5 38. Qc3 Nc8 39. Ra5 Qb8 40. h4
Na7 41. Nd2 Qb6 42. Nc4 Qb8 43. Na3 Qb6 44. Ra4 Nb5 45. Qa5 Qxa5 46. Rxa5 Nxa3
47. Rxa3 Kf8 48. h5 Ke8 49. Ra4 Kd7 50. Kf3 Kc7 51. hxg6 hxg6 52. b4 cxb4 53.
Ke3 b3 54. Kd3 Kb6 55. Rb4+ Kxa6 56. Rxb3 Rc8 57. Ke3 Ka7 58. Kf4 Rb8 59. Rc3
Kb7 60. Kg4 Rc8 61. Rb3+ Kc7 62. f4 Kd7 63. Rb4 Ke8 64. e5 dxe5 65. fxe5 Rd8
66. exf6 exf6 67. Rb5 Ke7 68. Kf4 Rd7 69. Ke4 Ra7 70. Kd4 Ra3 71. Rb7+ Kd6 72.
Rb6+ Ke7 73. Rb7+ Kd6 74. Rb6+ Ke7 1/2-1/2

[Event "BL 8485 Delmenhorst-Porz"]
[Site "?"]
[Date "1985.??.??"]
[Round "?.5"]
[White "Schmidt, B."]
[Black "Schlemermeyer, W."]
[Result "1/2-1/2"]
[WhiteElo "2340"]
[BlackElo "2220"]
[PlyCount "80"]
[EventDate "1985.??.??"]

1. Nf3 d5 2. b3 Nf6 3. Bb2 e6 4. c4 Be7 5. g3 O-O 6. Bg2 c5 7. cxd5 exd5 8. d4
Nc6 9. O-O Bg4 10. Ne5 Bf5 11. Nxc6 bxc6 12. dxc5 Bxc5 13. Nc3 Rc8 14. Rc1 Qe7
15. Na4 Bb4 16. Qd4 Rfe8 17. e3 Bd6 18. Nc5 Qf8 19. Rfd1 a5 20. Qc3 Bg4 21. f3
Nd7 22. Nb7 Bb4 23. Qd4 Bf5 24. a3 Bxa3 25. Bxa3 Qxa3 26. Qf4 Re5 27. e4 Be6
28. exd5 Rxd5 29. Rxd5 Bxd5 30. Bh3 Rc7 31. Nd6 Nc5 32. Re1 Ne6 33. Qe5 Qc5+
34. Kg2 Re7 35. Ne4 Bxe4 36. Rxe4 Qxe5 37. Rxe5 Rb7 38. Bxe6 fxe6 39. Rxe6 Rxb3
40. Rxc6 Rb2+ 1/2-1/2

[Event "BL 8485 Delmenhorst-Porz"]
[Site "?"]
[Date "1985.??.??"]
[Round "?.6"]
[White "Tielemann, K."]
[Black "Sigurjonsson, G."]
[Result "1/2-1/2"]
[WhiteElo "2285"]
[BlackElo "2480"]
[PlyCount "155"]
[EventDate "1985.??.??"]

1. d4 Nf6 2. c4 e6 3. Nc3 Bb4 4. g3 c5 5. Nf3 Bxc3+ 6. bxc3 Qa5 7. Bd2 b6 8.
Bg2 Bb7 9. O-O O-O 10. Re1 Qa6 11. Bg5 Ne4 12. Qd3 d5 13. cxd5 exd5 14. Bf4 Nd7
15. Ne5 Nxe5 16. Bxe5 f6 17. Bf4 Rfe8 18. Qxa6 Bxa6 19. Rac1 g5 20. Be3 Rac8
21. dxc5 bxc5 22. Red1 Bc4 23. Bxe4 Rxe4 24. Rd2 h6 25. h4 Kg7 26. hxg5 hxg5
27. Rb1 Kg6 28. Rb7 a6 29. Rd7 Rb8 30. Rd6 g4 31. Kg2 Rb1 32. R6xd5 Bxd5 33.
Rxd5 Re5 34. Rd6 Re1 35. Rxa6 Rxe2 36. Kf1 Rc2 37. Ra4 f5 38. Rc4 Rxa2 39. Rxc5
Rxc5 40. Bxc5 Kf6 41. Bd4+ Ke6 42. Kg2 Kd5 43. Bf6 Ke4 44. Bd4 Kd3 45. Be5 Ke2
46. Bd4 Rc2 47. Be5 Rd2 48. Bd4 Rd3 49. Be5 Rd1 50. Bd4 Rc1 51. Be5 Rd1 52. Bf6
Rd3 53. Be5 Rf3 54. Bd4 Kd2 55. Kf1 Kd3 56. Kg1 Kc2 57. Kg2 Kd1 58. Be3 Ke2 59.
Bd4 Kd3 60. Kg1 Ke4 61. Kg2 Rd3 62. Bg7 Rd2 63. Bd4 Rc2 64. Bg7 Ra2 65. Bd4 Ra8
66. Be3 Rf8 67. Bd4 Rf7 68. Be3 Kd3 69. Bd4 Kd2 70. Be5 Ke2 71. Bd4 Rb7 72. Be5
Kd3 73. Bd4 Ke4 74. Be3 Rb2 75. Bd4 Rb3 76. Bg7 Rb7 77. Bd4 Rd7 78. Be3 1/2-1/2

[Event "BL 8485 Delmenhorst-Porz"]
[Site "?"]
[Date "1985.??.??"]
[Round "?.7"]
[White "Laven, R."]
[Black "Dornieden, M."]
[Result "1-0"]
[WhiteElo "2320"]
[BlackElo "2290"]
[PlyCount "79"]
[EventDate "1985.??.??"]

1. e4 g6 2. d4 Bg7 3. c3 d6 4. f4 Nd7 5. Nf3 e5 6. fxe5 dxe5 7. Bg5 Ne7 8. dxe5
Nxe5 9. Qxd8+ Kxd8 10. Na3 Bd7 11. Nxe5 Bxe5 12. O-O-O Ke8 13. Nc4 Bg7 14. Bf4
Rc8 15. Na5 b6 16. Nb3 a5 17. Ba6 Ra8 18. Bc4 Rf8 19. Nd4 c6 20. a3 b5 21. Ba2
c5 22. Nf3 f5 23. e5 c4 24. Rd6 Nc8 25. Rd2 h6 26. Rhd1 Ra7 27. h4 Ne7 28. Rd6
Nc8 29. Rxg6 Kf7 30. h5 Re8 31. Bxh6 Bxe5 32. a4 Bf6 33. axb5 Bxb5 34. Ng5+
Bxg5+ 35. Rxg5 Ne7 36. Rd6 Rg8 37. Rb6 Ra6 38. Rxb5 Rxh6 39. Bxc4+ Kf6 40. Rxg8
1-0

[Event "BL 8485 Delmenhorst-Porz"]
[Site "?"]
[Date "1985.??.??"]
[Round "?.8"]
[White "Ditt, E."]
[Black "Kreutzkamp, R."]
[Result "1-0"]
[WhiteElo "2300"]
[BlackElo "2260"]
[PlyCount "65"]
[EventDate "1985.??.??"]

1. g3 d5 2. Bg2 Nf6 3. f4 c6 4. Nf3 Bg4 5. d3 Bxf3 6. Bxf3 Nbd7 7. O-O e5 8. e3
Be7 9. Nc3 O-O 10. e4 dxe4 11. dxe4 Ne8 12. Qe2 exf4 13. gxf4 g6 14. Kh1 Ng7
15. Rd1 Qc7 16. e5 Nc5 17. Be3 Rad8 18. Bxc5 Bxc5 19. Qc4 Qa5 20. Ne4 Be7 21.
c3 Qb6 22. Re1 Bh4 23. Re2 Nf5 24. Nc5 Be7 25. Nb3 Kg7 26. Qe4 a5 27. Rg1 Rd5
28. Qb1 Rdd8 29. Be4 Nh6 30. f5 Bc5 31. Rgg2 a4 32. Nd2 Be3 33. Nc4 1-0

[Event "BL 8485 HSK-Frechen"]
[Site "?"]
[Date "1985.??.??"]
[Round "?.5"]
[White "Meyer, P."]
[Black "Gruenberg, Ra"]
[Result "1/2-1/2"]
[WhiteElo "2230"]
[BlackElo "2255"]
[PlyCount "22"]
[EventDate "1985.??.??"]

1. d4 Nf6 2. Nf3 g6 3. c4 Bg7 4. Nc3 d5 5. Bg5 Ne4 6. cxd5 Nxc3 7. bxc3 Qxd5 8.
e3 c5 9. Be2 Nc6 10. O-O cxd4 11. cxd4 O-O 1/2-1/2

[Event "BL 8485 Lasker-Solingen"]
[Site "?"]
[Date "1985.??.??"]
[Round "?.1"]
[White "Huebner, R."]
[Black "Wockenfuss, K."]
[Result "1-0"]
[WhiteElo "2610"]
[BlackElo "2335"]
[PlyCount "53"]
[EventDate "1985.??.??"]

1. e4 e6 2. d4 d5 3. Nc3 Bb4 4. e5 c5 5. a3 Bxc3+ 6. bxc3 Ne7 7. Nf3 Bd7 8.
dxc5 Qc7 9. Bd3 Nbc6 10. Bf4 Ng6 11. Bg3 Qa5 12. Qd2 Qxc5 13. h4 f6 14. exf6
gxf6 15. h5 Nge5 16. Nxe5 Nxe5 17. O-O O-O-O 18. Rfe1 Ng4 19. Qf4 e5 20. Qb4
Qxb4 21. axb4 a6 22. Ra5 Be6 23. Bh4 Rdf8 24. f3 Nh6 25. b5 Rhg8 26. bxa6 bxa6
27. Rxa6 1-0

[Event "BL 8485 Lasker-Solingen"]
[Site "?"]
[Date "1985.??.??"]
[Round "?.2"]
[White "Paulsen, D."]
[Black "Spassky, B."]
[Result "1/2-1/2"]
[WhiteElo "2360"]
[BlackElo "2590"]
[PlyCount "52"]
[EventDate "1985.??.??"]

1. d4 Nf6 2. c4 e6 3. Nf3 b6 4. g3 Ba6 5. Qa4 Be7 6. Bg2 Bb7 7. Nc3 O-O 8. O-O
Ne4 9. Qc2 Nxc3 10. Qxc3 d6 11. Qd3 c6 12. b3 Nd7 13. Bb2 d5 14. e4 a5 15. Rfe1
a4 16. Nd2 a3 17. Bc3 dxc4 18. bxc4 Nc5 19. Qe3 Na4 20. Nb3 Nxc3 21. Qxc3 Ra4
22. c5 Ba6 23. Red1 Bc4 24. Bf1 Bxf1 25. Kxf1 b5 26. Qf3 Qa8 1/2-1/2

[Event "BL 8485 Lasker-Solingen"]
[Site "?"]
[Date "1985.??.??"]
[Round "?.3"]
[White "Lobron, E."]
[Black "Cladouras, P."]
[Result "1-0"]
[WhiteElo "2495"]
[BlackElo "2295"]
[PlyCount "105"]
[EventDate "1985.??.??"]

1. e4 e5 2. Nf3 Nc6 3. Bb5 a6 4. Ba4 Nf6 5. O-O Be7 6. Re1 b5 7. Bb3 d6 8. c3
O-O 9. h3 Na5 10. Bc2 c5 11. d4 Qc7 12. Nbd2 Bd7 13. dxe5 dxe5 14. Nf1 Rfd8 15.
Qe2 h6 16. Ne3 Be6 17. Nh4 c4 18. Nhf5 Nb7 19. Ng4 Nxg4 20. Qxg4 Bxf5 21. exf5
Kf8 22. Qf3 Bf6 23. a4 Nd6 24. axb5 e4 25. Qg3 axb5 26. Rxa8 Rxa8 27. Bf4 Ra6
28. Rd1 Ke7 29. Rd5 Rc6 30. Rxb5 Qc8 31. Rd5 Nxf5 32. Qg4 Rc5 33. Bxe4 Rxd5 34.
Bxd5 g5 35. Bd2 Kf8 36. Qxc4 Qb8 37. b4 Qe5 38. Qe4 Ne7 39. Qxe5 Bxe5 40. Bf3
Ke8 41. Kf1 Kd7 42. Ke2 Ng6 43. Kd3 f5 44. Kc4 Nf4 45. b5 Kc7 46. Be3 h5 47.
b6+ Kb8 48. Bxf4 Bxf4 49. Bxh5 Be5 50. Bf3 Bf6 51. Bd5 Bd8 52. Kb5 Bf6 53. c4
1-0

[Event "BL 8485 Lasker-Solingen"]
[Site "?"]
[Date "1985.??.??"]
[Round "?.4"]
[White "Muse, M."]
[Black "Lau, R."]
[Result "0-1"]
[WhiteElo "2240"]
[BlackElo "2400"]
[PlyCount "78"]
[EventDate "1985.??.??"]

1. d4 Nf6 2. c4 e6 3. Nf3 b6 4. a3 Bb7 5. Nc3 d5 6. cxd5 Nxd5 7. e3 Nd7 8. Bd3
c5 9. O-O N5f6 10. Qe2 a6 11. Rd1 Qb8 12. Bc2 Bd6 13. dxc5 Bxc5 14. b4 Bd6 15.
h3 O-O 16. Bb2 Rc8 17. Ng5 h6 18. Nge4 Be5 19. Nxf6+ Nxf6 20. Na4 Bxb2 21. Nxb2
Rc6 22. Nc4 Qc7 23. Bb3 Rc8 24. Nd2 Rc3 25. Rab1 Qc6 26. Nf3 Ne4 27. Nd4 Qe8
28. Qg4 Nf6 29. Qg3 Be4 30. Rb2 a5 31. Qe5 a4 32. Ba2 Rxa3 33. Nb5 Rd3 34. Rxd3
Bxd3 35. Nd6 Rc1+ 36. Kh2 Qe7 37. f3 Rc6 38. Rd2 Qxd6 39. f4 Ne4 0-1